00493nam a2200181Ia 4500008004100000100002000041245003600061245001800097260002000115260000900135300001700144440002000161650001600181650001200197650000900209999001900218952007400237190425s9999 xx 000 0 und d aSarian, Zac B.  aBrown rice has many advantages/ cZac B. Sarian bManila Bulletin c2018 aSeptember 20 aManila Bulletin aagriculture afarmers arice c361650d361650 001040aLuxbLuxd2019-04-25l0r2019-04-25 00:00:00w2019-04-25ySE